00483nam a2200193Ia 4500008004000000020001800040041000800058082001300066100001900079245005400098260005600152300000800208650001100216650001200227650001800239650001500257650000900272650000800281210210b2012 xxu||||| |||| 00| 0 eng d a9788191064209 aeng a658 JAIM aJAIN (Vandana) aManagement theory and practice: with case studies aAhmedabadbInternational Book House Pvt. Ltd.c2012 a420 atheory astudies apractice:with aManagement acase aand